00846nam a2200205 a 450000100100000000500170001000800410002704000250006808200150009310000340010824500890014226000710023130000200030249000520032250000670037483000600044104900090050195201130051099900170062300003028420200930060210.0110509s194u dr 000 | spa d aDO-SdBNPbspacBNPHU axxxbA473p1 aÁlvarez, Federico C.91321310aPolítica internacional planteada por las Naciones Unidas /cFederico C. Álvarez. aSantiago de los Caballeros :bImprenta la Información,c[194-?]. a16 p. ;c20 cm.1 aRotary Club de Santiago de los Caballerosv5811 aCharla de Federico C. Álvarez ex presidente del Rotary Club. 0aRotary Club de Santiago de los Caballeros;v5811956962 aBNPD 0010718PDaPDbPDcHDd2011-05-09iLF1l0oxxx A473pp30284-10r2020-06-25w2020-06-25yLFPDZNo se presta c29776d29776